[Event "European Rapid 2022"]
[Site "Katowice POL"]
[Date "2022.12.17"]
[Round "1.57"]
[White "Witczak, Borys"]
[Black "Klekowski, Maciej"]
[Result "0-1"]
[BlackTitle "GM"]
[WhiteElo "1887"]
[BlackElo "2477"]
[WhiteFideId "21006490"]
[BlackFideId "1132717"]
[EventDate "2022.12.17"]

1. d4 Nf6 2. c4 e6 3. Nc3 Bb4 4. Qc2 O-O 5. Bg5 d6 6. e3 Nbd7 7. Bd3 h6 8. Bh4
e5 9. Ne2 c6 10. O-O Qc7 11. Ne4 Nxe4 12. Bxe4 Ba5 13. a3 Qb8 14. b4 Bd8 15.
Bxd8 Rxd8 16. Ng3 Nf8 17. Rad1 Qc7 18. dxe5 dxe5 19. Rxd8 Qxd8 20. Rd1 Qe8 21.
Rd6 g6 22. Qd2 Be6 23. c5 h5 24. Bb1 Qe7 25. a4 h4 26. Ne4 f5 27. Nc3 a6 28. Ba2
Bxa2 29. Qxa2+ Kg7 30. Qd2 Re8 31. f3 h3 32. g3 Qf7 33. Qa2 Qe7 34. Qd2 Qg5 35.
f4 exf4 36. exf4 Qg4 37. Kf2 Qh5 38. Qd4+ Kg8 39. Qc4+ Kg7 40. Ne2 Qh7 41. Qd4+
Kg8 42. Ng1 Qe7 43. Qd2 Qe4 44. Nf3 a5 45. bxa5 Qc4 46. Ne5 Qxc5+ 47. Kf1 Qa3
48. Kf2 Qxa4 49. Nxg6 Qe4 50. Ne5 Qg2+ 51. Ke3 Qg1+ 52. Kd3 Qb1+ 53. Ke2 Ne6 54.
Rxe6 Qe4+ 55. Kf1 Qh1+ 56. Ke2 Qxh2+ 57. Ke3 Qxd2+ 58. Kxd2 Rxe6 59. Nf3 Rg6 60.
Ke2 Rxg3 61. Kf2 Rg2+ 62. Kf1 Ra2 0-1

[Event "European Rapid 2022"]
[Site "Katowice POL"]
[Date "2022.12.17"]
[Round "1.58"]
[White "Gaehwiler, Gabriel"]
[Black "Krzyzosiak, Marta"]
[Result "1-0"]
[WhiteTitle "IM"]
[WhiteElo "2408"]
[BlackElo "1671"]
[WhiteFideId "1314530"]
[BlackFideId "21820449"]
[EventDate "2022.12.17"]

1. d4 Nf6 2. c4 g6 3. Nc3 Bg7 4. Nf3 O-O 5. Bg5 d6 6. e3 c5 7. Be2 h6 8. Bh4
cxd4 9. Nxd4 Nc6 10. O-O Nxd4 11. exd4 g5 12. Bg3 Bf5 13. Bf3 Rb8 14. Re1 a6 15.
b4 Qd7 16. Rc1 Rfe8 17. a4 Rbc8 18. c5 dxc5 19. dxc5 Qxd1 20. Rexd1 Bg4 21. Bxb7
Bxd1 22. Bxc8 Rxc8 23. Rxd1 e6 24. Bd6 Ne8 25. Ne2 Nxd6 26. cxd6 Bf6 27. d7 Rb8
28. Nd4 Bxd4 29. Rxd4 Rd8 30. b5 axb5 31. axb5 Kf8 32. b6 Ke7 33. b7 e5 34. Rd1
f5 35. f3 e4 36. fxe4 fxe4 37. Kf2 g4 38. Ke3 h5 39. g3 1-0

[Event "European Rapid 2022"]
[Site "Katowice POL"]
[Date "2022.12.17"]
[Round "1.59"]
[White "Przepiora, Anna"]
[Black "Stefanova, Antoaneta"]
[Result "0-1"]
[BlackTitle "GM"]
[WhiteElo "1722"]
[BlackElo "2442"]
[WhiteFideId "21803846"]
[BlackFideId "2902257"]
[EventDate "2022.12.17"]

1. e4 e5 2. Nf3 Nc6 3. Bb5 a6 4. Ba4 d6 5. c3 Bd7 6. O-O g6 7. d3 Bg7 8. Be3 Nf6
9. h3 h6 10. Qd2 g5 11. Bb3 Ne7 12. Bxg5 hxg5 13. Nxg5 Rf8 14. f4 Ng6 15. fxe5
dxe5 16. Qf2 Qe7 17. Nd2 b6 18. a4 Ng4 19. hxg4 Qxg5 20. Bxf7+ Ke7 21. Nf3 Qxg4
22. Bxg6 Qxg6 23. a5 Rf4 24. axb6 cxb6 25. Qe3 a5 26. Rae1 Raf8 27. Nd2 Bh6 28.
Qe2 Bg4 0-1

[Event "European Rapid 2022"]
[Site "Katowice POL"]
[Date "2022.12.17"]
[Round "1.60"]
[White "Akesson, Ralf"]
[Black "Matei, Adrian"]
[Result "1-0"]
[WhiteTitle "GM"]
[WhiteElo "2404"]
[BlackElo "1762"]
[WhiteFideId "1700120"]
[BlackFideId "1213814"]
[EventDate "2022.12.17"]

1. Nf3 Nf6 2. c4 g6 3. Nc3 Bg7 4. e4 d6 5. d4 O-O 6. h3 Na6 7. Be3 c5 8. d5 e5
9. g4 Ne8 10. Bd3 Bd7 11. Rg1 Rb8 12. h4 Nb4 13. Be2 Qc8 14. a3 Na6 15. Nd2 Nac7
16. b4 b6 17. h5 a5 18. Rb1 axb4 19. axb4 Na6 20. Na2 cxb4 21. Nxb4 Nc5 22. g5
f5 23. gxf6 Nxf6 24. hxg6 h6 25. Bf3 b5 26. cxb5 Bxb5 27. Rh1 Bd3 28. Nxd3 Nxd3+
29. Kf1 Rxb1 30. Qxb1 Nf4 31. Bxf4 exf4 32. Kg2 Qc3 33. Qc1 Rc8 34. Qxc3 Rxc3
35. Rb1 Nd7 36. Bg4 Ne5 37. Bf5 Bf6 38. Rb8+ Kg7 39. Rb7+ Kg8 40. Nb3 f3+ 41.
Kg3 h5 42. Nd4 h4+ 43. Kh2 Bg5 44. Ne6 Bf6 45. Rb8+ 1-0

[Event "European Rapid 2022"]
[Site "Katowice POL"]
[Date "2022.12.17"]
[Round "1.62"]
[White "Manik, Mikulas"]
[Black "Lecki, Leonard"]
[Result "1-0"]
[WhiteTitle "GM"]
[WhiteElo "2359"]
[BlackElo "1781"]
[WhiteFideId "14900734"]
[BlackFideId "21041067"]
[EventDate "2022.12.17"]

1. e4 c5 2. Nf3 e6 3. d4 cxd4 4. Nxd4 Nf6 5. Nc3 Nc6 6. Nxc6 bxc6 7. e5 Nd5 8.
Ne4 Qc7 9. f4 Qb6 10. a3 Rb8 11. Qf3 f5 12. exf6 Nxf6 13. Nxf6+ gxf6 14. Qh5+
Ke7 15. Bd3 Ba6 16. Qe2 Bxd3 17. Qxd3 Qb5 18. c4 Qb6 19. b4 d5 20. Be3 Qa6 21.
O-O Kf7 22. b5 Qb7 23. f5 e5 24. bxc6 Qxc6 25. cxd5 Qb5 26. Qd1 Bd6 27. Bxa7 Ra8
28. a4 Qb4 29. Rb1 Bc5+ 30. Kh1 Qa5 31. Rb7+ Be7 32. Qh5+ Kf8 33. d6 Qa6 34.
dxe7+ Kg7 35. e8=N+ 1-0

[Event "European Rapid 2022"]
[Site "Katowice POL"]
[Date "2022.12.17"]
[Round "1.63"]
[White "Anyz, Monika"]
[Black "D'Costa, Lorin"]
[Result "1/2-1/2"]
[BlackTitle "IM"]
[WhiteElo "1754"]
[BlackElo "2375"]
[WhiteFideId "21816530"]
[BlackFideId "409219"]
[EventDate "2022.12.17"]

1. e4 e6 2. d4 d5 3. e5 c5 4. dxc5 Nc6 5. Nf3 Bxc5 6. Bd3 Nge7 7. O-O Ng6 8. Re1
Bd7 9. c3 f6 10. exf6 Qxf6 11. Bg5 Qf7 12. Bxg6 hxg6 13. Qxd5 Bb6 14. Nbd2 O-O
15. Qe4 Qf5 16. Qxf5 gxf5 17. Nc4 Bc7 18. Rad1 Be8 19. Nd6 Bh5 20. Rxe6 Bxf3 21.
gxf3 Nd8 22. Re7 Bb6 23. Nxb7 Nc6 24. Re6 Rac8 25. Rdd6 Rf7 26. Nd8 Nxd8 27.
Bxd8 Bc5 28. Rd1 Rb7 29. b3 Bf8 30. c4 Kf7 31. Re5 g6 32. Bg5 Rc6 33. Red5 1/2-1/2

[Event "European Rapid 2022"]
[Site "Katowice POL"]
[Date "2022.12.17"]
[Round "1.64"]
[White "Subelj, Jan"]
[Black "Penza, Denis"]
[Result "1-0"]
[WhiteTitle "IM"]
[WhiteElo "2492"]
[BlackElo "1783"]
[WhiteFideId "14618583"]
[BlackFideId "14124106"]
[EventDate "2022.12.17"]

1. e4 e6 2. d4 d5 3. e5 c5 4. c3 Nc6 5. Nf3 Qb6 6. Bd3 cxd4 7. O-O Bd7 8. Re1
Nge7 9. h4 O-O-O 10. Nbd2 f6 11. cxd4 Kb8 12. Nb3 Nc8 13. Bf4 Ka8 14. Rc1 h6 15.
h5 f5 16. Nc5 Be7 17. Nxd7 Rxd7 18. Qa4 Qa5 19. Qxa5 Nxa5 20. Bb5 Rdd8 21. Bd2
Nc4 22. Rxc4 dxc4 23. Bxc4 Nb6 24. Bxe6 Rhf8 25. Ba5 Rde8 26. d5 Bc5 27. Rc1 Be7
28. Nd4 Bg5 29. Rc7 Rd8 30. d6 Rfe8 31. Bxb6 axb6 32. Bd5 Rxe5 33. Bxb7+ 1-0

[Event "European Rapid 2022"]
[Site "Katowice POL"]
[Date "2022.12.17"]
[Round "1.65"]
[White "Soliwoda, Zygmunt"]
[Black "Blohberger, Felix"]
[Result "0-1"]
[BlackTitle "GM"]
[WhiteElo "1720"]
[BlackElo "2490"]
[WhiteFideId "21812527"]
[BlackFideId "1632051"]
[EventDate "2022.12.17"]

1. c4 Nf6 2. Nf3 g6 3. g3 b6 4. Bg2 Bb7 5. b3 Bg7 6. Bb2 O-O 7. O-O c5 8. e3 Na6
9. d4 cxd4 10. exd4 d5 11. Ne5 Qc7 12. Nd2 dxc4 13. Rc1 Bxg2 14. Kxg2 Qb7+ 15.
Qf3 Qxf3+ 16. Ndxf3 cxb3 17. axb3 Nd5 18. Ba3 Rfc8 19. Nc6 Rc7 20. Rfe1 e6 21.
Bd6 Rd7 22. Ba3 Bf8 23. Bxf8 Kxf8 24. Nce5 Re7 25. Re2 Nab4 26. Nd2 f6 27. Ng4
Rd8 28. Rc4 a5 29. h4 Ra8 30. Ne3 b5 31. Rc5 a4 32. bxa4 bxa4 33. Nxd5 Nxd5 34.
Nc4 a3 35. Na5 Rea7 36. Nb3 Rb7 37. Nc1 Kf7 38. Rc6 Nb4 39. Rcxe6 a2 40. Nxa2
Rxa2 41. Rxa2 Nxa2 42. Re2 Nc3 43. Rc2 Nd5 44. Rc5 Rd7 45. Kf3 Ne7 46. Ke4 Ke6
47. g4 f5+ 48. gxf5+ gxf5+ 49. Ke3 h5 50. Re5+ Kf6 51. Ra5 Rd6 52. Ra8 Ng6 53.
Ra1 Nxh4 54. Rh1 Re6+ 55. Kd3 Ng6 56. Kc4 h4 57. d5 Re2 58. Rh2 Ne5+ 59. Kc5 Nf3
60. Rh3 Rxf2 61. d6 Ke6 62. Kc6 Ne5+ 63. Kc5 Rc2+ 64. Kb5 Kxd6 65. Rxh4 Rb2+ 66.
Ka6 Kd5 67. Rf4 Ke6 68. Ka5 Nd3 69. Rf3 Rb3 70. Rf1 Ke5 71. Ka4 Rb8 72. Rf3 Ke4
73. Rf1 f4 74. Ka3 f3 75. Rh1 f2 76. Rh4+ Ke3 77. Rh3+ Ke2 78. Rh2 Ke1 79. Rh1+
f1=Q 80. Rxf1+ Kxf1 81. Ka4 Ke2 82. Ka3 Kd2 83. Ka2 Kc3 84. Ka3 Ra8# 0-1

[Event "European Rapid 2022"]
[Site "Katowice POL"]
[Date "2022.12.17"]
[Round "1.66"]
[White "Wieczorek, Oskar"]
[Black "Peglau, Dora"]
[Result "1-0"]
[WhiteTitle "GM"]
[WhiteElo "2504"]
[BlackElo "1869"]
[WhiteFideId "1133950"]
[BlackFideId "16220005"]
[EventDate "2022.12.17"]

1. e4 c6 2. d4 d5 3. Nd2 dxe4 4. Nxe4 Nd7 5. Ng5 Ngf6 6. Bd3 e6 7. N1f3 Bd6 8.
Qe2 h6 9. Ne4 Nxe4 10. Qxe4 Nf6 11. Qe2 b6 12. Ne5 Bb7 13. Bd2 Qc7 14. f4 O-O-O
15. O-O c5 16. a4 a5 17. Nc4 Nd5 18. Nxd6+ Qxd6 19. dxc5 Qxc5+ 20. Kh1 Kb8 21.
Be4 Rc8 22. c3 Rhd8 23. Qe1 Ba6 24. Rf2 Qc4 25. b4 Nxc3 26. Bf3 axb4 27. a5 b5
28. f5 exf5 29. Qe5+ Qc7 30. Qxf5 g6 31. Qg4 Qd7 32. Qxb4 Qd4 33. Bf4+ Ka7 34.
Qxd4+ Rxd4 35. Be3 Rd8 36. Rd2 1-0

[Event "European Rapid 2022"]
[Site "Katowice POL"]
[Date "2022.12.17"]
[Round "1.67"]
[White "Achinovich, Oleg"]
[Black "Ondozi, Murtez"]
[Result "0-1"]
[BlackTitle "FM"]
[WhiteElo "1622"]
[BlackElo "2406"]
[WhiteFideId "34143971"]
[BlackFideId "937576"]
[EventDate "2022.12.17"]

1. d4 d5 2. Nf3 Bf5 3. g3 h6 4. Bg2 e6 5. O-O Nf6 6. c4 c6 7. Ne5 Nbd7 8. Nc3
Bd6 9. f4 O-O 10. h3 Be4 11. Nxe4 Nxe4 12. Kh2 f5 13. Bxe4 fxe4 14. Be3 Bxe5 15.
dxe5 Nb6 16. cxd5 cxd5 17. b3 Qd7 18. Bc5 Rfc8 19. Qd4 Rc6 20. a4 Rac8 21. Rfc1
Qc7 22. Bd6 Qf7 23. Rc5 Rxc5 24. Bxc5 Rc6 25. a5 Nc8 26. Bxa7 Qc7 27. Ra2 Rc3
28. b4 Rc4 29. Qd2 Nxa7 0-1

[Event "European Rapid 2022"]
[Site "Katowice POL"]
[Date "2022.12.17"]
[Round "1.68"]
[White "Szpar, Milosz"]
[Black "Karut, Kacper"]
[Result "1-0"]
[WhiteTitle "IM"]
[WhiteElo "2428"]
[BlackElo "1804"]
[WhiteFideId "1184989"]
[BlackFideId "21861382"]
[EventDate "2022.12.17"]

1. e4 c5 2. Nf3 d6 3. d4 cxd4 4. Qxd4 Nf6 5. Nc3 Bd7 6. Bg5 Nc6 7. Qe3 Qa5 8.
O-O-O Rc8 9. a3 a6 10. Nd5 b5 11. Nd4 Nxd5 12. exd5 Nxd4 13. Rxd4 Bf5 14. Bd3
Bxd3 15. Qxd3 h6 16. Bd2 Qc7 17. Re1 g6 18. Rde4 Bg7 19. Rxe7+ Qxe7 20. Rxe7+
Kxe7 21. Qe3+ Kd7 22. Ba5 Rc5 23. Qf3 f5 24. Bb4 Rc4 25. Qg3 Be5 26. Qxg6 Re8
27. Qxf5+ Kd8 28. g3 Rd4 29. f4 1-0

[Event "European Rapid 2022"]
[Site "Katowice POL"]
[Date "2022.12.17"]
[Round "1.69"]
[White "Arciszewska, Zuzanna"]
[Black "Piesik, Piotr"]
[Result "0-1"]
[BlackTitle "IM"]
[WhiteElo "1794"]
[BlackElo "2420"]
[WhiteFideId "21816549"]
[BlackFideId "1136194"]
[EventDate "2022.12.17"]

1. d4 c5 2. c4 cxd4 3. Qxd4 Nc6 4. Qd1 Nf6 5. Nf3 e6 6. Nc3 Bc5 7. e3 O-O 8. Bd3
d5 9. O-O Qe7 10. a3 a5 11. b3 Rd8 12. Qe2 h6 13. Bb2 dxc4 14. Bxc4 e5 15. e4
Bg4 16. Nd5 Nxd5 17. Bxd5 Nd4 18. Bxd4 Bxd4 19. Rac1 Rd7 20. h3 Bxf3 21. Qxf3
Qxa3 22. Rc4 Qe7 23. Rfc1 g6 24. Qd3 Ra6 25. Rc8+ Kg7 26. Qb5 Rf6 27. R1c2 b6
28. Rb8 Bc5 29. Rc8 Rc7 30. Rb8 Bxf2+ 31. Rxf2 Rc1+ 32. Rf1 Rfxf1+ 33. Qxf1 Qc5+ 0-1

[Event "European Rapid 2022"]
[Site "Katowice POL"]
[Date "2022.12.17"]
[Round "1.70"]
[White "Klenburg, Michael"]
[Black "Gajzner, Ryszard"]
[Result "1-0"]
[WhiteTitle "IM"]
[WhiteElo "2347"]
[BlackElo "1718"]
[WhiteFideId "14102072"]
[BlackFideId "1188607"]
[EventDate "2022.12.17"]

1. e4 c5 2. d3 g6 3. g3 Bg7 4. Bg2 Nc6 5. f4 e6 6. Nf3 Nge7 7. O-O O-O 8. c3 Rb8
9. Be3 d6 10. Bf2 b5 11. d4 cxd4 12. cxd4 d5 13. e5 b4 14. Nbd2 Ba6 15. Re1 Qd7
16. Nb3 Bb5 17. Nc5 Qc7 18. g4 Rfc8 19. b3 a5 20. Qd2 Qd8 21. Rac1 Na7 22. Bh4
Qe8 23. Bf6 Bc6 24. a4 bxa3 25. Qxa5 Nb5 26. Bf1 Ra8 27. Qd2 Rcb8 28. h4 Bf8 29.
h5 Nc7 30. hxg6 fxg6 31. Ng5 Bd7 32. Nxh7 Kxh7 33. Qh2+ Bh6 34. Bg5 Ng8 35. Bxh6
Nxh6 36. g5 Ra7 37. Qxh6+ Kg8 38. Re3 1-0

[Event "European Rapid 2022"]
[Site "Katowice POL"]
[Date "2022.12.17"]
[Round "1.71"]
[White "Panczuk, Grzegorz"]
[Black "Kuzmicz, Krystian"]
[Result "0-1"]
[BlackTitle "IM"]
[WhiteElo "1634"]
[BlackElo "2466"]
[WhiteFideId "21813272"]
[BlackFideId "1119125"]
[EventDate "2022.12.17"]

1. d4 g6 2. e4 Bg7 3. Nc3 a6 4. Be3 b5 5. a3 d6 6. f3 Nd7 7. Bd3 Ngf6 8. Qd2 Bb7
9. Nge2 c5 10. Nf4 cxd4 11. Bxd4 e5 12. Be3 exf4 13. Bxf4 Ne5 14. O-O-O O-O 15.
Bh6 Rc8 16. h4 Qa5 17. h5 Nxd3+ 18. cxd3 Nxe4 19. fxe4 Bxc3 20. bxc3 Rxc3+ 21.
Kb1 Rb3+ 22. Ka1 Rxa3+ 23. Kb1 Ra1+ 24. Kc2 Rc8+ 0-1

[Event "European Rapid 2022"]
[Site "Katowice POL"]
[Date "2022.12.17"]
[Round "1.72"]
[White "Samunenkov, Ihor"]
[Black "Gibala, Adam"]
[Result "1-0"]
[WhiteTitle "IM"]
[WhiteElo "2488"]
[BlackElo "1679"]
[WhiteFideId "14187086"]
[BlackFideId "21070288"]
[EventDate "2022.12.17"]

1. d4 Nf6 2. c4 e6 3. Nc3 Bb4 4. e3 O-O 5. Bd2 b6 6. Nf3 Bb7 7. Bd3 d6 8. O-O
Nbd7 9. a3 Bxc3 10. Bxc3 Ne4 11. Be1 f5 12. Nd2 Nxd2 13. Bxd2 e5 14. f3 Qe7 15.
Bc2 Rae8 16. Re1 Qh4 17. Bc3 Rf6 18. Qd2 Rh6 19. h3 Rf8 20. Qf2 Qe7 21. Rad1 e4
22. f4 c6 23. b4 a6 24. a4 d5 25. cxd5 cxd5 26. b5 a5 27. Bb3 g5 28. Qa2 Rd6 29.
Bb2 gxf4 30. exf4 Nf6 31. Ba3 Kh8 32. Qf2 Rg8 33. Rc1 Qd7 34. Bxd6 Qxd6 35. Bd1
h6 36. Kh1 Kh7 37. Qe3 Qd7 38. Rg1 Bc8 39. Rc6 Qf7 40. Rxb6 Rg7 41. Rc6 Bd7 42.
Rc7 h5 43. b6 Ne8 44. b7 Nxc7 45. b8=Q Ne6 46. Qe5 Nf8 47. Qe2 Rg4 48. hxg4 hxg4
49. g3 Ng6 50. Qh2+ Kg8 51. Qb8+ Kg7 52. Qd6 Qe8 53. Qh5 1-0

[Event "European Rapid 2022"]
[Site "Katowice POL"]
[Date "2022.12.17"]
[Round "1.73"]
[White "Stepinski, Piotr"]
[Black "Gunnarsson, Arnar"]
[Result "0-1"]
[BlackTitle "IM"]
[WhiteElo "1707"]
[BlackElo "2406"]
[WhiteFideId "21025045"]
[BlackFideId "2300915"]
[EventDate "2022.12.17"]

1. e4 e5 2. Nf3 d5 3. Nxe5 Bd6 4. d4 dxe4 5. Bc4 Bxe5 6. Qh5 Qe7 7. Qxe5 Qxe5 8.
dxe5 Nc6 9. Nc3 Bf5 10. Bb3 Nge7 11. e6 Bxe6 12. Bxe6 fxe6 13. Be3 O-O-O 14. a3
Nf5 15. Nxe4 Rd5 16. Ng3 Nfd4 17. Bxd4 Nxd4 18. O-O-O h5 19. c3 Nc6 20. Rhe1 h4
21. Nf1 Rf5 22. f3 h3 23. gxh3 e5 24. Ne3 Rxf3 25. Ng4 Rh5 26. Kb1 Rg5 27. Rf1
Rgf5 28. Ne3 R5f4 29. Rxf3 Rxf3 30. Nd5 Rxh3 31. Rg1 Rh7 32. Rg2 Kd7 33. Kc2 Ne7
34. Ne3 Ke6 35. Kd3 Rh3 36. Ke4 g6 37. c4 Rh4+ 38. Kf3 Rf4+ 39. Ke2 c6 40. b3 a5
41. a4 Rh4 42. Kd3 Rh6 43. Re2 Rh3 44. Kc2 Nf5 45. Nxf5 gxf5 46. Rg2 Kf6 47. Kb2
f4 48. Kc2 e4 49. c5 f3 50. Rg8 Kf7 51. Rg5 Rxh2+ 52. Kc3 f2 53. Rf5+ Ke6 54.
Rf8 Ke5 55. Rf7 Rh3+ 56. Kc2 Rf3 0-1

[Event "European Rapid 2022"]
[Site "Katowice POL"]
[Date "2022.12.17"]
[Round "1.74"]
[White "Batsiashvili, Nino"]
[Black "Hasinski, Krystian"]
[Result "1-0"]
[WhiteTitle "GM"]
[WhiteElo "2493"]
[BlackElo "1698"]
[WhiteFideId "13602993"]
[BlackFideId "1118684"]
[EventDate "2022.12.17"]

1. d4 c6 2. Nf3 d5 3. Bf4 Bf5 4. c4 e6 5. Nc3 Bd6 6. Bg3 Bxg3 7. hxg3 h6 8. e3
Nf6 9. Ne5 Nbd7 10. g4 Nxe5 11. gxf5 Nxc4 12. Bxc4 dxc4 13. fxe6 fxe6 14. Qe2 b5
15. Qf3 Rc8 16. a4 b4 17. Ne4 Nxe4 18. Qxe4 Qf6 19. O-O O-O 20. Rac1 c5 21. Rxc4
cxd4 22. Rxb4 dxe3 23. Qxe3 a5 24. Rb6 Rfe8 25. Re1 Rb8 26. Rxb8 Rxb8 27. Qxe6+
Qxe6 28. Rxe6 Rxb2 29. Re5 Ra2 30. Rxa5 Kf7 31. Ra7+ Kf6 32. Ra6+ Kg5 33. a5 g6
34. f3 Kh5 35. Kh2 Kg5 36. Kg3 Ra3 37. Ra8 Kh5 38. a6 Ra2 39. a7 Ra3 40. Kh3 Kg5
41. g3 Kh5 42. g4+ Kg5 43. Kg3 Ra4 44. Rf8 1-0

[Event "European Rapid 2022"]
[Site "Katowice POL"]
[Date "2022.12.17"]
[Round "1.75"]
[White "Wojtowicz, Marek"]
[Black "Paehtz, Elisabeth"]
[Result "0-1"]
[BlackTitle "GM"]
[WhiteElo "1469"]
[BlackElo "2464"]
[WhiteFideId "41838335"]
[BlackFideId "4641833"]
[EventDate "2022.12.17"]

1. e4 c5 2. Nc3 Nc6 3. g3 g6 4. Bg2 Bg7 5. d3 d6 6. Be3 Nd4 7. Qd2 Qa5 8. f4 Nh6
9. h3 f5 10. Nf3 O-O 11. O-O Bd7 12. Rf2 Rae8 13. Nd1 Qxd2 14. Rxd2 fxe4 15.
dxe4 Nxf3+ 16. Bxf3 Bxh3 17. Nf2 Bc8 18. c3 Nf7 19. Rad1 Be6 20. a4 Bc4 21. Be2
Bxe2 22. Rxe2 Nd8 23. Nd3 Nc6 24. Kg2 b6 25. Bf2 e5 26. Kf3 exf4 27. gxf4 Rf7
28. Bg3 Ne5+ 29. Kg2 Nc4 30. Nf2 Bh6 31. Nh3 Rfe7 32. b3 Na5 33. b4 Nc4 34. Rde1
Bg7 0-1

[Event "European Rapid 2022"]
[Site "Katowice POL"]
[Date "2022.12.17"]
[Round "1.76"]
[White "Arkell, Keith C"]
[Black "Pikh, Matviy"]
[Result "1/2-1/2"]
[WhiteTitle "GM"]
[WhiteElo "2406"]
[BlackElo "1446"]
[WhiteFideId "400270"]
[BlackFideId "14184397"]
[EventDate "2022.12.17"]

1. d4 Nf6 2. Nf3 g6 3. c4 Bg7 4. g3 d5 5. cxd5 Nxd5 6. Bg2 c5 7. Nc3 Nxc3 8.
bxc3 O-O 9. O-O Nc6 10. e3 Bg4 11. h3 Bf5 12. Ba3 cxd4 13. cxd4 Re8 14. Nd2 Qd7
15. g4 Bd3 16. Re1 Na5 17. Nb3 Nxb3 18. Qxb3 Ba6 19. Rac1 Rac8 20. d5 b6 21. Bb2
Bxb2 22. Qxb2 Bb7 23. e4 Red8 24. Red1 Ba6 25. e5 Qa4 26. Qb3 Qxb3 27. axb3 Bb7
28. Rxc8 Bxc8 29. f4 Bb7 30. Kf2 Kf8 31. Bf3 Ke8 32. b4 a5 33. bxa5 bxa5 34. f5
a4 35. e6 fxe6 36. fxe6 Rd6 37. Rb1 Bc8 38. Rb8 Kd8 39. Ra8 Ra6 40. Rb8 a3 41.
Rb1 a2 42. Ra1 Kc7 43. Be2 Ra4 44. Bb5 Rb4 45. Bd3 Rb2+ 46. Ke3 Bb7 47. Bc4 Kd6
48. Kd4 Rd2+ 49. Kc3 Rh2 50. Kd4 Rd2+ 51. Ke3 Rc2 52. Bxa2 Bxd5 53. Bxd5 Kxd5
54. Kf4 h6 55. Re1 Rf2+ 56. Kg3 Rf6 57. h4 Rxe6 58. Rd1+ Ke5 59. Rd8 Kf6 60. Rd5
Rd6 61. Ra5 Rd3+ 62. Kg2 Rd4 63. Kf3 e6 64. h5 g5 65. Ra7 Rd3+ 66. Kf2 Ke5 67.
Rh7 Kf4 68. Rxh6 Rd2+ 69. Ke1 Rd6 70. Rf6+ Kxg4 71. h6 Rd8 72. h7 Rh8 73. Rh6 e5
74. Kf2 Kf4 75. Rf6+ Ke4 76. Rf7 Kd3 77. Kg3 e4 78. Rd7+ Ke2 79. Kg4 e3 80. Kxg5
Kf2 81. Rf7+ Kg2 82. Re7 Kf2 83. Rf7+ Kg2 84. Re7 1/2-1/2

[Event "European Rapid 2022"]
[Site "Katowice POL"]
[Date "2022.12.17"]
[Round "1.77"]
[White "Dudnik, Tatiana"]
[Black "Gretarsson, Helgi Ass"]
[Result "0-1"]
[BlackTitle "GM"]
[WhiteElo "1734"]
[BlackElo "2451"]
[WhiteFideId "34179884"]
[BlackFideId "2300699"]
[EventDate "2022.12.17"]

1. e4 g6 2. d4 Bg7 3. Nc3 d6 4. f4 a6 5. Nf3 b5 6. a3 Nd7 7. e5 Bb7 8. e6 fxe6
9. Ng5 Nf8 10. Be3 Nf6 11. Qd2 e5 12. dxe5 dxe5 13. fxe5 Qxd2+ 14. Bxd2 N6d7 15.
O-O-O Nxe5 16. Bf4 h6 17. Nh3 Nfd7 18. a4 c6 19. Be2 O-O-O 20. Bg4 Nxg4 0-1

[Event "European Rapid 2022"]
[Site "Katowice POL"]
[Date "2022.12.17"]
[Round "1.78"]
[White "Monroy, Charles"]
[Black "Oglaza, Dawid"]
[Result "1-0"]
[WhiteTitle "IM"]
[WhiteElo "2395"]
[BlackElo "1709"]
[WhiteFideId "621641"]
[BlackFideId "21881464"]
[EventDate "2022.12.17"]

1. Nf3 Nf6 2. c4 e6 3. Nc3 b6 4. e4 d6 5. d4 Be7 6. Bd3 Bb7 7. O-O O-O 8. h3
Nbd7 9. Be3 e5 10. d5 a5 11. a3 Nc5 12. Bc2 Ba6 13. Nd2 Ne8 14. b4 Nd7 15. Ba4
Rb8 16. Re1 Bc8 17. bxa5 bxa5 18. Nb3 Nb6 19. Nxa5 Nxa4 20. Qxa4 Bd7 21. Nc6
Bxc6 22. Qxc6 Bg5 23. Bxg5 Qxg5 24. Nb5 Qd8 25. c5 dxc5 26. Qxc5 Qd7 27. a4 Rc8
28. Na7 Ra8 29. Nc6 f6 30. a5 Nd6 31. a6 Kh8 32. a7 Rfc8 33. Rab1 Qe8 34. Rb4
Nf7 35. Reb1 Nd8 36. Ne7 1-0

[Event "European Rapid 2022"]
[Site "Katowice POL"]
[Date "2022.12.17"]
[Round "1.79"]
[White "Zheka, Ilya"]
[Black "Jarmula, Lukasz"]
[Result "0-1"]
[BlackTitle "GM"]
[WhiteElo "1471"]
[BlackElo "2469"]
[WhiteFideId "14156806"]
[BlackFideId "1160664"]
[EventDate "2022.12.17"]

1. d4 Nf6 2. c4 c5 3. d5 g6 4. Nc3 Bg7 5. e4 d6 6. h3 O-O 7. Be3 e6 8. Bd3 exd5
9. exd5 Re8 10. Nge2 Nbd7 11. O-O Ne5 12. Ng3 Nxd3 13. Qxd3 a6 14. a3 b5 15. b4
cxb4 16. axb4 bxc4 17. Qxc4 Bb7 18. Rac1 Nd7 19. Bd4 Rc8 20. Qd3 Ne5 21. Qd2 Rc4
22. Bxe5 Bxe5 23. Nce4 Rd4 24. Qh6 Bg7 25. Qg5 f6 0-1

[Event "European Rapid 2022"]
[Site "Katowice POL"]
[Date "2022.12.17"]
[Round "1.80"]
[White "Plichta, Kamil"]
[Black "Boryna, Szymon"]
[Result "1-0"]
[WhiteTitle "FM"]
[WhiteElo "2394"]
[BlackElo "1528"]
[WhiteFideId "1141830"]
[BlackFideId "21057800"]
[EventDate "2022.12.17"]

1. Nf3 Nf6 2. g3 g6 3. Bg2 Bg7 4. O-O O-O 5. c4 d6 6. Nc3 c5 7. d4 Na6 8. b3 Rb8
9. Bb2 Nc7 10. dxc5 dxc5 11. Na4 Ne6 12. Be5 Ra8 13. Ne1 Nd7 14. Bxg7 Kxg7 15.
Nd3 Qc7 16. Qd2 Nb6 17. Qb2+ Kg8 18. Nc3 Bd7 19. Rac1 Bc6 20. Nd5 Qd7 21. Ne5
Qe8 22. Rfd1 f6 23. Nxc6 bxc6 24. Nc3 Rc8 25. e3 Qf7 26. Qa3 Rc7 27. Rd2 f5 28.
Na4 Nxa4 29. Qxa4 Rfc8 30. Rcd1 Qe8 31. Qa5 Kf7 32. h4 h6 33. Bf3 Kg7 34. Qc3+
Kf7 35. Kg2 Rd8 36. Rxd8 Nxd8 37. Qe5 Ne6 38. h5 Qg8 39. Rh1 Qg7 40. hxg6+ Qxg6
41. Bh5 1-0

[Event "European Rapid 2022"]
[Site "Katowice POL"]
[Date "2022.12.17"]
[Round "1.81"]
[White "Shvets, Viktoria"]
[Black "Kyc, Jerzy"]
[Result "0-1"]
[WhiteElo "1786"]
[BlackElo "2230"]
[WhiteFideId "14152770"]
[BlackFideId "1163922"]
[EventDate "2022.12.17"]

1. e4 c5 2. Nf3 d6 3. d4 cxd4 4. Nxd4 Nf6 5. Nc3 a6 6. f3 e5 7. Nb3 Be7 8. Be3
Be6 9. Qd2 O-O 10. Be2 Nbd7 11. O-O-O b5 12. g4 b4 13. Nd5 Bxd5 14. exd5 Nb6 15.
Bxb6 Qxb6 16. Kb1 a5 17. Qd3 Rfc8 18. g5 Nh5 19. h4 a4 20. Nd2 Qc5 21. Ne4 Qc7
22. Rd2 Nf4 23. Qe3 Ra5 24. Rhd1 Nxd5 25. Qg1 Nc3+ 26. Nxc3 bxc3 27. Rd5 Qb7 28.
b3 Rxd5 29. Rxd5 0-1